| 000 | 00976nam0a22002531 4500 | ||
|---|---|---|---|
| 001 | rc\4973769 | ||
| 005 | 20260409062734.0 | ||
| 021 |
_aRU _bРг1423-61 |
||
| 035 | _a(NLR Aleph) 008964773 | ||
| 090 |
_a9086887 _c9086887 |
||
| 100 | _a20130430d1960 |||y0rusy50 ca | ||
| 101 | 0 | _arus | |
| 102 | _aRU | ||
| 105 | _ay z ||||| | ||
| 200 | 1 |
_aРеле давления сигнальное (типа) РДС _eИнструкция по монтажу и эксплуатации _fСовет нар. хозяйства Рязанск. экон. адм. района. Завод тепловых приборов |
|
| 210 |
_aРязань _cБ. и. _d1960 |
||
| 215 |
_a5 с. _d20 |
||
| 517 | 0 | _aРеле давления сигнальное РДС | |
| 712 | 0 | 2 |
_aРязанский завод тепловых приборов _3RU\NLR\AUTH\8810211641 _9310409 |
| 801 | 0 |
_aRU _bNLR _gpsbo |
|
| 801 | 1 |
_aRU _bELAR _2rusmarc |
|
| 852 |
_aNLR _j61-4/2017 |
||
| 942 | _cBOOK | ||
| 980 | _aNB | ||